| 000 | 00738nam a22002297a 4500 | ||
|---|---|---|---|
| 005 | 20170124110148.0 | ||
| 010 | _aA-706944 | ||
| 020 |
_c00.00 _a8120003381 |
||
| 035 | _aA-706944 | ||
| 037 | _bCen Lib/Ret | ||
| 040 |
_aDPL _bEN |
||
| 082 |
_a658.31124 _bRAE |
||
| 100 |
_aRae, Leslie _9101653 |
||
| 245 |
_aThe skills of interviewing : _cby Leslie Rae _ba guide for managers and trainers / |
||
| 260 |
_aNew Delhi _bMetropolitian _c1994 |
||
| 270 |
_a1, Netaji Subhash Marg _bNew Delhi _e110002 |
||
| 300 |
_aix,212p. _c21cm(Hb) |
||
| 500 | _aIncludes index | ||
| 650 |
_aEmployment interviewing _920634 |
||
| 650 |
_aEmployment interviewing--Study and teaching _933755 |
||
| 942 |
_2ddc _cEN _h658.31124 _mRAE |
||
| 999 |
_c132117 _d132117 |
||